[Event "3e Open de Bastia"]
[Site "Bastia"]
[Date "2023.07.10"]
[Round "1.1"]
[White "Fedorchuk, Sergey A."]
[Black "Nizio Ferreira, Lou"]
[Result "1-0"]
[BlackElo "1511"]
[WhiteElo "2589"]
[LiveChessVersion "1.4.6"]

1. e4 {[%clk 0:15:03]} e6 {[%clk 0:15:04]} 2. d4 {[%clk 0:15:03]} d5
{[%clk 0:15:05]} 3. Nd2 {[%clk 0:15:02]} c5 {[%clk 0:14:55]} 4. Ngf3
{[%clk 0:15:02]} Nc6 {[%clk 0:14:48]} 5. exd5 {[%clk 0:14:57]} Qxd5
{[%clk 0:13:57]} 6. Bc4 {[%clk 0:14:45]} Qd8 {[%clk 0:13:50]} 7. dxc5
{[%clk 0:13:51]} Bxc5 {[%clk 0:13:21]} 8. Qe2 {[%clk 0:13:51]} Nf6
{[%clk 0:12:13]} 9. Nb3 {[%clk 0:13:46]} Bb6 {[%clk 0:12:02]} 10. Bg5
{[%clk 0:13:28]} O-O {[%clk 0:09:40]} 11. O-O {[%clk 0:12:47]} Re8
{[%clk 0:07:56]} 12. Rad1 {[%clk 0:12:21]} Qe7 {[%clk 0:07:40]} 13. Be3
{[%clk 0:10:36]} Bc7 {[%clk 0:05:54]} 14. Bc5 {[%clk 0:10:30]} Bd6
{[%clk 0:04:52]} 15. Bxd6 {[%clk 0:10:23]} Qd8 {[%clk 0:04:41]} 16. Ne5
{[%clk 0:10:04]} Bd7 {[%clk 0:02:45]} 17. Nc5 {[%clk 0:09:51]} Nxe5
{[%clk 0:00:42]} 18. Bxe5 {[%clk 0:09:50]} Nd5 {[%clk 0:00:21]} 19. Qg4
{[%clk 0:09:48]} f6 {[%clk 0:00:16]} 20. Nxd7 {[%clk 0:09:31]} fxe5
{[%clk 0:00:08]} 21. Nxe5 {[%clk 0:09:28]} Qf6 {[%clk 0:00:05]} 22. Rxd5 1-0

[Event "3e Open de Bastia"]
[Site "Bastia"]
[Date "2023.07.10"]
[Round "1.2"]
[White "Gil, Jean-Jacques"]
[Black "Relange, Eloi"]
[Result "0-1"]
[BlackElo "2462"]
[WhiteElo "1415"]
[LiveChessVersion "1.4.6"]

1. d4 {[%clk 0:15:05]} d6 {[%clk 0:15:05]} 2. e3 {[%clk 0:15:06]} g6
{[%clk 0:15:03]} 3. Bd3 {[%clk 0:15:06]} Bg7 {[%clk 0:15:04]} 4. f4
{[%clk 0:15:07]} e5 {[%clk 0:15:02]} 5. fxe5 {[%clk 0:15:05]} dxe5
{[%clk 0:15:03]} 6. dxe5 {[%clk 0:15:05]} Nc6 {[%clk 0:14:46]} 7. Nf3
{[%clk 0:15:05]} Bg4 {[%clk 0:14:34]} 8. Be2 {[%clk 0:15:03]} Qxd1+
{[%clk 0:14:31]} 9. Bxd1 {[%clk 0:15:04]} O-O-O {[%clk 0:14:14]} 10. O-O
{[%clk 0:15:05]} Nh6 {[%clk 0:14:06]} 11. Nc3 {[%clk 0:14:48]} Rhe8
{[%clk 0:13:28]} 12. Nd4 {[%clk 0:14:33]} Nxe5 {[%clk 0:13:06]} 13. Bxg4+
{[%clk 0:14:19]} Nexg4 {[%clk 0:12:42]} 14. Ndb5 {[%clk 0:13:57]} a6
{[%clk 0:11:48]} 15. Nd4 {[%clk 0:12:50]} Nxe3 {[%clk 0:11:27]} 16. Bxe3
{[%clk 0:12:41]} Rxe3 {[%clk 0:11:27]} 17. Nf3 {[%clk 0:12:35]} Bxc3
{[%clk 0:10:58]} 18. bxc3 {[%clk 0:12:33]} Rxc3 {[%clk 0:10:59]} 19. Rf2
{[%clk 0:12:28]} f6 {[%clk 0:10:27]} 20. Re1 {[%clk 0:12:18]} Nf5
{[%clk 0:10:20]} 21. Rfe2 {[%clk 0:11:49]} h5 {[%clk 0:09:48]} 22. Nh4
{[%clk 0:11:33]} Nxh4 {[%clk 0:09:47]} 0-1

[Event "3e Open de Bastia"]
[Site "Bastia"]
[Date "2023.07.10"]
[Round "1.3"]
[White "Krasenkow, Michal"]
[Black "Grisoni, Emma"]
[Result "1-0"]
[BlackElo "1766"]
[WhiteElo "2524"]
[LiveChessVersion "1.4.6"]

1. Nf3 {[%clk 0:15:03]} c5 {[%clk 0:15:03]} 2. c4 {[%clk 0:15:03]} Nc6
{[%clk 0:15:03]} 3. d4 {[%clk 0:15:03]} cxd4 {[%clk 0:15:03]} 4. Nxd4
{[%clk 0:15:03]} g6 {[%clk 0:15:03]} 5. e4 {[%clk 0:15:03]} Bg7 {[%clk 0:15:03]}
6. Be3 {[%clk 0:15:03]} Nf6 {[%clk 0:15:03]} 7. Nc3 {[%clk 0:15:03]} Ng4
{[%clk 0:14:59]} 8. Qxg4 {[%clk 0:15:04]} Nxd4 {[%clk 0:15:01]} 9. Qd1
{[%clk 0:15:06]} Nc6 {[%clk 0:15:03]} 10. Rc1 {[%clk 0:15:02]} O-O
{[%clk 0:15:04]} 11. Be2 {[%clk 0:14:58]} d6 {[%clk 0:15:00]} 12. O-O
{[%clk 0:14:59]} Bd7 {[%clk 0:14:48]} 13. f4 {[%clk 0:14:59]} Rc8
{[%clk 0:14:35]} 14. Qd2 {[%clk 0:14:41]} Qa5 {[%clk 0:13:44]} 15. Kh1
{[%clk 0:14:39]} Rfe8 {[%clk 0:13:12]} 16. f5 {[%clk 0:13:54]} Ne5
{[%clk 0:12:46]} 17. b3 {[%clk 0:13:17]} Bc6 {[%clk 0:10:56]} 18. Bh6
{[%clk 0:13:01]} Nd7 {[%clk 0:09:53]} 19. Bxg7 {[%clk 0:12:25]} Kxg7
{[%clk 0:09:55]} 20. fxg6 {[%clk 0:12:16]} hxg6 {[%clk 0:09:45]} 21. Bg4
{[%clk 0:12:17]} Rcd8 {[%clk 0:09:27]} 22. Bxd7 {[%clk 0:12:16]} Bxd7
{[%clk 0:08:23]} 23. Qf2 {[%clk 0:11:04]} Be6 {[%clk 0:07:44]} 24. Nd5
{[%clk 0:11:06]} Qc5 {[%clk 0:06:11]} 25. Qh4 {[%clk 0:10:22]} Rd7
{[%clk 0:05:00]} 26. Rf4 {[%clk 0:08:59]} Bxd5 {[%clk 0:04:31]} 27. exd5
{[%clk 0:09:00]} Rh8 {[%clk 0:04:20]} 28. Qg3 {[%clk 0:08:58]} Qa3
{[%clk 0:03:07]} 29. Rcf1 {[%clk 0:08:59]} f6 {[%clk 0:03:10]} 30. Qf2
{[%clk 0:08:48]} Rf8 {[%clk 0:02:07]} 31. Rh4 {[%clk 0:08:24]} Qc5
{[%clk 0:01:48]} 32. Qd2 {[%clk 0:08:14]} g5 {[%clk 0:01:45]} 33. Re4
{[%clk 0:08:14]} b5 {[%clk 0:01:18]} 34. Rg4 {[%clk 0:07:56]} Kg6
{[%clk 0:00:18]} 35. Rxg5+ fxg5 36. Rxf8 {[%clk 0:07:45]} bxc4 {[%clk 0:00:15]}
37. Rg8+ {[%clk 0:07:37]} Kf7 {[%clk 0:00:08]} 38. Qxg5 {[%clk 0:07:38]} 1-0

[Event "3e Open de Bastia"]
[Site "Bastia"]
[Date "2023.07.10"]
[Round "1.4"]
[White "Morganti, Noel"]
[Black "Collutiis, Duilio"]
[Result "0-1"]
[BlackElo "2341"]
[WhiteElo "1464"]
[LiveChessVersion "1.4.6"]

1. e4 {[%clk 0:15:03]} c5 {[%clk 0:15:05]} 2. c3 {[%clk 0:15:05]} Nf6
{[%clk 0:15:05]} 3. d3 {[%clk 0:15:05]} g6 {[%clk 0:15:05]} 4. Nf3
{[%clk 0:15:07]} Bg7 {[%clk 0:15:06]} 5. Be2 {[%clk 0:15:10]} O-O
{[%clk 0:15:07]} 6. O-O {[%clk 0:15:11]} Nc6 {[%clk 0:15:09]} 7. h3
{[%clk 0:15:12]} d6 {[%clk 0:15:05]} 8. Be3 {[%clk 0:15:13]} Rb8 {[%clk 0:15:06]}
9. Nbd2 {[%clk 0:15:14]} b5 {[%clk 0:15:07]} 10. a3 {[%clk 0:15:16]} a5
{[%clk 0:15:09]} 11. Rc1 {[%clk 0:15:11]} e5 {[%clk 0:14:54]} 12. Rb1
{[%clk 0:14:48]} h6 {[%clk 0:14:39]} 13. Qc2 {[%clk 0:14:47]} Re8
{[%clk 0:14:25]} 14. Rfd1 {[%clk 0:14:38]} b4 {[%clk 0:14:23]} 15. cxb4
{[%clk 0:14:37]} axb4 {[%clk 0:14:24]} 16. a4 {[%clk 0:14:37]} Nh7
{[%clk 0:14:01]} 17. b3 {[%clk 0:14:39]} f5 {[%clk 0:14:03]} 18. exf5
{[%clk 0:14:39]} gxf5 {[%clk 0:14:05]} 19. Nf1 {[%clk 0:14:39]} Kh8
{[%clk 0:14:07]} 20. Qc1 {[%clk 0:14:34]} Qf6 {[%clk 0:14:06]} 21. Qc2
{[%clk 0:14:17]} Bb7 {[%clk 0:14:07]} 22. Rbc1 {[%clk 0:14:08]} Rg8
{[%clk 0:14:06]} 23. Rb1 {[%clk 0:13:59]} Nf8 {[%clk 0:14:07]} 24. Qc1
{[%clk 0:14:01]} Ne6 {[%clk 0:14:08]} 25. N1h2 {[%clk 0:13:46]} Bf8
{[%clk 0:14:10]} 26. Kh1 {[%clk 0:13:44]} f4 {[%clk 0:14:11]} 27. Bd2
{[%clk 0:13:43]} Ned4 {[%clk 0:14:12]} 28. Nxd4 {[%clk 0:13:44]} Nxd4
{[%clk 0:14:13]} 29. Bf1 {[%clk 0:13:45]} Qh4 {[%clk 0:14:07]} 30. Be1
{[%clk 0:13:39]} Qxh3 {[%clk 0:13:55]} 31. Qd2 {[%clk 0:13:12]} Bxg2+
{[%clk 0:13:45]} 0-1

[Event "3e Open de Bastia"]
[Site "Bastia"]
[Date "2023.07.10"]
[Round "1.5"]
[White "Roberson, Peter T"]
[Black "Geronimi, Didier"]
[Result "1-0"]
[BlackElo "1441"]
[WhiteElo "2433"]
[LiveChessVersion "1.4.6"]

1. e4 {[%clk 0:15:02]} d6 {[%clk 0:15:04]} 2. d4 {[%clk 0:15:02]} Nf6
{[%clk 0:15:06]} 3. Nc3 {[%clk 0:15:04]} g6 {[%clk 0:15:08]} 4. Be3
{[%clk 0:15:03]} Bg7 {[%clk 0:15:10]} 5. Qd2 {[%clk 0:15:02]} c6 {[%clk 0:15:07]}
6. h3 {[%clk 0:15:01]} b5 {[%clk 0:15:06]} 7. e5 dxe5 8. dxe5 {[%clk 0:14:52]}
Qxd2+ {[%clk 0:15:10]} 9. Bxd2 {[%clk 0:14:26]} Nfd7 {[%clk 0:14:18]} 10. f4
{[%clk 0:14:27]} Nc5 {[%clk 0:13:13]} 11. Nf3 {[%clk 0:14:02]} Bf5
{[%clk 0:12:14]} 12. Nd4 {[%clk 0:13:04]} Be4 {[%clk 0:11:48]} 13. b4
{[%clk 0:12:41]} Bxc2 {[%clk 0:07:33]} 14. bxc5 {[%clk 0:12:19]} Bf5
{[%clk 0:07:35]} 15. g4 {[%clk 0:12:16]} Bd7 {[%clk 0:07:30]} 16. Bg2
{[%clk 0:12:16]} a6 {[%clk 0:07:20]} 17. Ne4 {[%clk 0:11:28]} Be6
{[%clk 0:05:12]} 18. Nxe6 {[%clk 0:11:22]} fxe6 {[%clk 0:05:13]} 19. Ng5
{[%clk 0:11:16]} O-O {[%clk 0:05:00]} 20. Nxe6 {[%clk 0:11:14]} Rf7
{[%clk 0:04:55]} 21. O-O {[%clk 0:10:44]} Ra7 {[%clk 0:04:46]} 22. Rad1
{[%clk 0:10:32]} a5 {[%clk 0:04:38]} 23. Be3 {[%clk 0:10:20]} Nd7
{[%clk 0:03:57]} 24. Bxc6 {[%clk 0:10:16]} 1-0

[Event "3e Open de Bastia"]
[Site "Bastia"]
[Date "2023.07.10"]
[Round "1.6"]
[White "Peretti, Charles"]
[Black "Degraeve, Remy"]
[Result "0-1"]
[BlackElo "2467"]
[WhiteElo "1390"]
[LiveChessVersion "1.4.6"]

1. e4 {[%clk 0:15:03]} c5 {[%clk 0:15:03]} 2. Nf3 {[%clk 0:15:04]} Nc6
{[%clk 0:15:05]} 3. d4 {[%clk 0:15:04]} cxd4 {[%clk 0:15:06]} 4. Nxd4
{[%clk 0:15:04]} e5 {[%clk 0:15:07]} 5. Nb3 {[%clk 0:15:05]} Nf6 {[%clk 0:15:08]}
6. f3 {[%clk 0:15:01]} d5 {[%clk 0:15:05]} 7. exd5 {[%clk 0:14:55]} Nxd5
{[%clk 0:15:04]} 8. Bc4 {[%clk 0:14:34]} Qh4+ {[%clk 0:15:04]} 9. g3
{[%clk 0:13:44]} Qxc4 {[%clk 0:15:05]} 10. N1d2 {[%clk 0:13:32]} Qb4
{[%clk 0:15:01]} 11. c3 {[%clk 0:13:21]} Qa4 {[%clk 0:14:39]} 12. O-O
{[%clk 0:12:51]} Be7 {[%clk 0:14:40]} 13. Ne4 {[%clk 0:12:24]} Be6
{[%clk 0:14:12]} 14. f4 {[%clk 0:11:07]} Qxe4 {[%clk 0:14:09]} 15. Re1
{[%clk 0:10:57]} Qg6 {[%clk 0:14:09]} 16. Qe2 {[%clk 0:10:21]} exf4
{[%clk 0:14:02]} 17. c4 {[%clk 0:09:36]} Ne3 {[%clk 0:13:54]} 18. Bxe3
{[%clk 0:08:51]} fxe3 {[%clk 0:13:56]} 19. Qxe3 {[%clk 0:08:36]} O-O
{[%clk 0:13:56]} 20. Rad1 {[%clk 0:08:23]} Rad8 {[%clk 0:13:57]} 21. Rc1
{[%clk 0:08:03]} h5 {[%clk 0:13:55]} 22. Rc3 {[%clk 0:07:19]} h4 {[%clk 0:13:55]}
23. Nd4 {[%clk 0:07:06]} Nxd4 {[%clk 0:13:56]} 0-1

[Event "3e Open de Bastia"]
[Site "Bastia"]
[Date "2023.07.10"]
[Round "1.7"]
[White "Rendle, Thomas E"]
[Black "Charni, Ilyes"]
[Result "1-0"]
[BlackElo "1692"]
[WhiteElo "2385"]
[LiveChessVersion "1.4.6"]

1. e4 {[%clk 0:15:03]} c5 {[%clk 0:15:06]} 2. Nf3 {[%clk 0:15:00]} e6
{[%clk 0:15:08]} 3. g3 {[%clk 0:14:51]} d5 {[%clk 0:15:05]} 4. exd5
{[%clk 0:14:50]} exd5 {[%clk 0:15:07]} 5. d4 {[%clk 0:14:40]} Nf6
{[%clk 0:14:32]} 6. Bg2 {[%clk 0:14:39]} cxd4 {[%clk 0:14:27]} 7. O-O
{[%clk 0:14:23]} Be7 {[%clk 0:14:29]} 8. Nxd4 {[%clk 0:14:15]} Nc6
{[%clk 0:14:04]} 9. Nc3 {[%clk 0:13:33]} O-O {[%clk 0:13:38]} 10. Be3
{[%clk 0:12:45]} Re8 {[%clk 0:13:03]} 11. h3 {[%clk 0:12:35]} a6 {[%clk 0:10:22]}
12. a3 {[%clk 0:12:04]} Qc7 {[%clk 0:09:13]} 13. Bg5 {[%clk 0:10:26]} Qb6
{[%clk 0:07:41]} 14. Be3 {[%clk 0:08:39]} Qc7 {[%clk 0:06:24]} 15. Re1
{[%clk 0:08:35]} Bd7 {[%clk 0:05:56]} 16. Nxd5 {[%clk 0:05:31]} Nxd5
{[%clk 0:05:17]} 17. Bxd5 {[%clk 0:05:33]} Rad8 {[%clk 0:03:19]} 18. Qh5
{[%clk 0:05:27]} Rf8 {[%clk 0:02:28]} 19. Rad1 {[%clk 0:04:17]} Bf6
{[%clk 0:01:15]} 20. Nxc6 bxc6 21. Bc4 {[%clk 0:02:04]} Bxb2 {[%clk 0:00:57]} 22.
Bc5 {[%clk 0:02:02]} Bf6 {[%clk 0:00:05]} 23. Bxf8 {[%clk 0:01:53]} Rxf8
{[%clk 0:00:06]} 24. Rd3 {[%clk 0:01:40]} Qc8 {[%clk 0:00:07]} 25. Rde3
{[%clk 0:01:30]} g6 {[%clk 0:00:07]} 26. Qf3 {[%clk 0:01:30]} Bg7
{[%clk 0:00:07]} 27. Re7 {[%clk 0:01:31]} Bxh3 {[%clk 0:00:05]} 28. Rxf7
{[%clk 0:01:28]} Bf5 {[%clk 0:00:04]} 29. Rxf5+ {[%clk 0:01:23]} 1-0

[Event "3e Open de Bastia"]
[Site "Bastia"]
[Date "2023.07.10"]
[Round "1.8"]
[White "Castagnerol Kodic, Ambroise"]
[Black "Carnicelli, Valerio"]
[Result "0-1"]
[BlackElo "2344"]
[WhiteElo "1487"]
[LiveChessVersion "1.4.6"]

1. e4 {[%clk 0:15:05]} c5 {[%clk 0:15:04]} 2. Nf3 {[%clk 0:15:06]} d6
{[%clk 0:15:05]} 3. c4 {[%clk 0:15:08]} Nc6 {[%clk 0:15:06]} 4. d4
{[%clk 0:15:10]} cxd4 {[%clk 0:15:08]} 5. Nxd4 {[%clk 0:15:12]} g6
{[%clk 0:15:01]} 6. Nc3 {[%clk 0:15:10]} Bg7 {[%clk 0:15:03]} 7. Be3
{[%clk 0:15:11]} Nf6 {[%clk 0:15:04]} 8. Be2 {[%clk 0:15:12]} O-O
{[%clk 0:15:04]} 9. O-O {[%clk 0:15:13]} Nxd4 {[%clk 0:15:05]} 10. Bxd4
{[%clk 0:15:14]} a5 {[%clk 0:14:59]} 11. Rc1 {[%clk 0:14:51]} Bd7
{[%clk 0:15:00]} 12. h3 {[%clk 0:14:21]} a4 {[%clk 0:15:00]} 13. Qc2
{[%clk 0:11:51]} Bc6 {[%clk 0:14:52]} 14. Rfd1 {[%clk 0:11:42]} Qa5
{[%clk 0:14:43]} 15. a3 {[%clk 0:10:45]} Rfc8 {[%clk 0:14:39]} 16. Qb1
{[%clk 0:09:34]} Nd7 {[%clk 0:14:21]} 17. Bxg7 {[%clk 0:09:30]} Kxg7
{[%clk 0:14:22]} 18. f4 {[%clk 0:07:14]} Qb6+ {[%clk 0:13:40]} 19. Kh1
{[%clk 0:07:10]} Qe3 {[%clk 0:13:39]} 20. Rf1 {[%clk 0:05:56]} e5
{[%clk 0:13:16]} 21. Rf3 {[%clk 0:03:12]} Qc5 {[%clk 0:12:44]} 22. f5
{[%clk 0:02:24]} f6 {[%clk 0:12:30]} 23. Qd3 {[%clk 0:01:49]} g5 {[%clk 0:12:09]}
24. Rd1 {[%clk 0:00:54]} Rd8 {[%clk 0:12:11]} 25. Nd5 {[%clk 0:00:34]} Bxd5
{[%clk 0:11:52]} 26. Qxd5 {[%clk 0:00:22]} Qxd5 {[%clk 0:11:43]} 27. Rxd5
{[%clk 0:00:14]} Nc5 {[%clk 0:11:43]} 28. Re3 {[%clk 0:00:08]} Kf7
{[%clk 0:11:29]} 29. Bf3 {[%clk 0:00:10]} Ke7 {[%clk 0:11:28]} 30. Re2
{[%clk 0:00:12]} Ra6 {[%clk 0:11:21]} 31. Red2 {[%clk 0:00:10]} Rb6
{[%clk 0:11:16]} 32. Kg1 {[%clk 0:00:07]} Nb3 {[%clk 0:11:15]} 33. R2d3
{[%clk 0:00:05]} Nd4 {[%clk 0:11:14]} 34. Rd2 {[%clk 0:00:06]} Rc8
{[%clk 0:11:07]} 35. Ra5 {[%clk 0:00:05]} Ra6 {[%clk 0:10:44]} 36. Rxa6
{[%clk 0:00:07]} bxa6 {[%clk 0:10:45]} 37. Be2 {[%clk 0:00:06]} Nxe2+
{[%clk 0:10:22]} 38. Rxe2 {[%clk 0:00:09]} Rxc4 {[%clk 0:10:23]} 39. Kf2
{[%clk 0:00:10]} d5 {[%clk 0:09:42]} 40. exd5 {[%clk 0:00:12]} Kd6
{[%clk 0:09:43]} 41. g3 {[%clk 0:00:07]} h5 {[%clk 0:09:40]} 42. Rd2
{[%clk 0:00:07]} h4 {[%clk 0:09:37]} 43. g4 {[%clk 0:00:06]} Rc5 {[%clk 0:09:26]}
44. Ke3 {[%clk 0:00:05]} Rxd5 45. Rc2 Rb5 {[%clk 0:09:11]} 46. Rd2+
{[%clk 0:00:07]} Kc6 {[%clk 0:09:09]} 47. Rc2+ {[%clk 0:00:08]} Kd6
{[%clk 0:08:56]} 48. Rd2+ {[%clk 0:00:07]} Ke7 {[%clk 0:08:57]} 49. Kf2
{[%clk 0:00:08]} Rb3 {[%clk 0:08:55]} 50. Kg2 {[%clk 0:00:10]} Rb6
{[%clk 0:08:34]} 51. Kf3 {[%clk 0:00:09]} Rd6 {[%clk 0:08:34]} 52. Rc2
{[%clk 0:00:09]} Rd3+ {[%clk 0:08:36]} 53. Kg2 {[%clk 0:00:11]} Kd6
{[%clk 0:08:37]} 54. Kh2 {[%clk 0:00:07]} e4 {[%clk 0:08:29]} 55. Rc4
{[%clk 0:00:06]} Ke5 {[%clk 0:08:26]} 56. Rxa4 {[%clk 0:00:06]} Kf4
{[%clk 0:08:20]} 57. b4 {[%clk 0:00:04]} Rd2+ {[%clk 0:08:18]} 58. Kg1
{[%clk 0:00:05]} Kg3 {[%clk 0:08:04]} 59. Kf1 {[%clk 0:00:08]} Kf3
{[%clk 0:08:05]} 60. Kg1 {[%clk 0:00:07]} e3 {[%clk 0:08:06]} 61. Rxa6
{[%clk 0:00:06]} e2 {[%clk 0:08:06]} 0-1

[Event "3e Open de Bastia"]
[Site "Bastia"]
[Date "2023.07.10"]
[Round "2.1"]
[White "Bigonnet, Jean-Michel"]
[Black "Fedorchuk, Sergey A."]
[Result "1-0"]
[BlackElo "2589"]
[WhiteElo "2050"]
[LiveChessVersion "1.4.6"]

1. d4 {[%clk 0:15:04]} Nf6 {[%clk 0:15:04]} 2. Bg5 {[%clk 0:15:06]} e6
{[%clk 0:15:05]} 3. e4 {[%clk 0:15:08]} h6 {[%clk 0:14:58]} 4. Bxf6
{[%clk 0:15:09]} Qxf6 {[%clk 0:14:58]} 5. Nc3 {[%clk 0:15:11]} Bb4
{[%clk 0:14:43]} 6. Qd3 {[%clk 0:15:12]} b6 {[%clk 0:11:25]} 7. Nge2
{[%clk 0:15:03]} O-O {[%clk 0:11:11]} 8. a3 {[%clk 0:12:36]} Ba6 {[%clk 0:10:11]}
9. Qe3 {[%clk 0:12:30]} Bxc3+ {[%clk 0:09:13]} 10. Qxc3 {[%clk 0:12:06]} Rc8
{[%clk 0:08:17]} 11. O-O-O {[%clk 0:10:52]} Qxf2 {[%clk 0:08:17]} 12. Ng3
{[%clk 0:10:08]} c5 {[%clk 0:07:06]} 13. Kb1 {[%clk 0:10:08]} Qf6
{[%clk 0:07:06]} 14. e5 {[%clk 0:08:59]} Qg6 {[%clk 0:04:52]} 15. d5
{[%clk 0:08:16]} c4 {[%clk 0:04:27]} 16. Be2 {[%clk 0:07:54]} Bb7
{[%clk 0:04:18]} 17. Bh5 {[%clk 0:07:29]} Qg5 {[%clk 0:04:20]} 18. h4
{[%clk 0:07:21]} Qe7 {[%clk 0:04:17]} 19. d6 {[%clk 0:06:54]} Qe8
{[%clk 0:04:19]} 20. Rhf1 {[%clk 0:06:45]} g6 {[%clk 0:04:21]} 21. Qe3
{[%clk 0:06:20]} Kg7 {[%clk 0:04:14]} 22. Rf6 {[%clk 0:05:55]} Nc6
{[%clk 0:04:09]} 23. Rdf1 {[%clk 0:05:23]} Nd8 {[%clk 0:04:11]} 24. Bf3
{[%clk 0:05:24]} Bxf3 {[%clk 0:03:39]} 25. R1xf3 {[%clk 0:05:09]} Rc5
{[%clk 0:03:34]} 26. Nh5+ {[%clk 0:03:58]} Kh7 {[%clk 0:03:37]} 27. Rxf7+
{[%clk 0:03:15]} Qxf7 {[%clk 0:03:33]} 28. Rxf7+ {[%clk 0:03:17]} Nxf7
{[%clk 0:03:34]} 29. Nf6+ {[%clk 0:03:19]} Kg7 {[%clk 0:03:30]} 30. Nxd7
{[%clk 0:03:20]} Rd5 {[%clk 0:03:23]} 31. Qf3 {[%clk 0:03:10]} Re8
{[%clk 0:03:12]} 32. Qf6+ {[%clk 0:03:05]} Kg8 {[%clk 0:02:58]} 33. Qxg6+
{[%clk 0:03:06]} Kh8 {[%clk 0:03:00]} 34. Nf6 {[%clk 0:02:32]} 1-0

[Event "3e Open de Bastia"]
[Site "Bastia"]
[Date "2023.07.10"]
[Round "2.2"]
[White "Relange, Eloi"]
[Black "Pieri, Pierre-Louis"]
[Result "1-0"]
[BlackElo "2089"]
[WhiteElo "2462"]
[LiveChessVersion "1.4.6"]

1. Nf3 {[%clk 0:15:03]} d5 {[%clk 0:15:02]} 2. g3 {[%clk 0:14:56]} g6
{[%clk 0:14:46]} 3. Bg2 {[%clk 0:14:49]} Bg7 {[%clk 0:14:46]} 4. O-O
{[%clk 0:14:36]} Nf6 {[%clk 0:14:42]} 5. c4 {[%clk 0:14:31]} c6 {[%clk 0:14:20]}
6. b3 {[%clk 0:14:24]} Ne4 {[%clk 0:14:08]} 7. d4 {[%clk 0:14:24]} O-O
{[%clk 0:14:07]} 8. Bb2 {[%clk 0:14:23]} Nd7 {[%clk 0:13:35]} 9. Nc3
{[%clk 0:12:17]} Nxc3 {[%clk 0:12:19]} 10. Bxc3 {[%clk 0:12:18]} dxc4
{[%clk 0:10:51]} 11. bxc4 {[%clk 0:12:17]} Nb6 {[%clk 0:10:52]} 12. c5
{[%clk 0:11:55]} Nd5 {[%clk 0:10:03]} 13. Bb2 {[%clk 0:11:48]} h6
{[%clk 0:08:58]} 14. e4 {[%clk 0:11:27]} Nc7 {[%clk 0:08:59]} 15. Qe2
{[%clk 0:11:09]} Bg4 {[%clk 0:08:53]} 16. Rfd1 {[%clk 0:11:09]} Ne6
{[%clk 0:07:22]} 17. Qe3 {[%clk 0:08:58]} Qc7 {[%clk 0:05:47]} 18. Rd2
{[%clk 0:08:00]} Bxf3 {[%clk 0:05:24]} 19. Bxf3 {[%clk 0:07:42]} Rad8
{[%clk 0:05:03]} 20. Bg4 {[%clk 0:07:11]} Qa5 {[%clk 0:03:56]} 21. Bxe6
{[%clk 0:05:33]} fxe6 {[%clk 0:03:57]} 22. Rdd1 {[%clk 0:04:48]} Kh7
{[%clk 0:03:48]} 23. Qc3 {[%clk 0:03:32]} Qa6 {[%clk 0:03:14]} 24. Qd3
{[%clk 0:03:20]} Qa4 {[%clk 0:03:08]} 25. Qb3 {[%clk 0:03:06]} Qa6
{[%clk 0:02:25]} 26. Rd2 {[%clk 0:02:53]} e5 {[%clk 0:01:00]} 27. d5
{[%clk 0:02:55]} cxd5 {[%clk 0:00:51]} 28. exd5 {[%clk 0:02:55]} Rc8
{[%clk 0:00:39]} 29. Qe3 {[%clk 0:02:49]} Qc4 {[%clk 0:00:27]} 30. Rc1
{[%clk 0:02:42]} Qxa2 {[%clk 0:00:25]} 31. Bxe5 {[%clk 0:02:32]} Qa5
{[%clk 0:00:18]} 32. Bxg7 {[%clk 0:02:32]} Kxg7 {[%clk 0:00:19]} 33. Qxe7+
{[%clk 0:02:30]} Rf7 {[%clk 0:00:21]} 34. Qe3 {[%clk 0:02:26]} Kh7
{[%clk 0:00:12]} 35. d6 {[%clk 0:02:27]} Qd8 {[%clk 0:00:07]} 36. h4
{[%clk 0:02:17]} Rf5 {[%clk 0:00:05]} 37. d7 {[%clk 0:02:01]} Rb8
{[%clk 0:00:05]} 38. Re1 {[%clk 0:01:52]} Rf7 {[%clk 0:00:07]} 39. Qe5
{[%clk 0:01:40]} Ra8 {[%clk 0:00:05]} 40. Qd5 {[%clk 0:01:34]} Qf6
{[%clk 0:00:05]} 41. Re8 {[%clk 0:01:24]} Qa1+ {[%clk 0:00:04]} 42. Kg2
{[%clk 0:01:17]} 1-0

[Event "3e Open de Bastia"]
[Site "Bastia"]
[Date "2023.07.10"]
[Round "2.3"]
[White "Utrera, Ludovic"]
[Black "Krasenkow, Michal"]
[Result "0-1"]
[BlackElo "2524"]
[WhiteElo "2069"]
[LiveChessVersion "1.4.6"]

1. e4 {[%clk 0:15:04]} g6 {[%clk 0:15:04]} 2. d4 {[%clk 0:15:03]} Bg7
{[%clk 0:15:06]} 3. Nc3 {[%clk 0:15:04]} c6 {[%clk 0:15:09]} 4. Be3
{[%clk 0:14:56]} d5 {[%clk 0:15:11]} 5. f3 {[%clk 0:14:36]} Qb6 {[%clk 0:15:10]}
6. Qd2 {[%clk 0:14:35]} Qxb2 {[%clk 0:15:09]} 7. Rb1 {[%clk 0:14:37]} Qa3
{[%clk 0:15:11]} 8. exd5 {[%clk 0:14:27]} Nf6 {[%clk 0:15:13]} 9. dxc6
{[%clk 0:14:24]} bxc6 {[%clk 0:15:15]} 10. Bc4 {[%clk 0:14:17]} Nbd7
{[%clk 0:15:15]} 11. Nge2 {[%clk 0:14:14]} Nb6 {[%clk 0:15:16]} 12. Bb3
{[%clk 0:14:01]} Ba6 {[%clk 0:15:18]} 13. O-O {[%clk 0:13:59]} Nc4
{[%clk 0:15:08]} 14. Bxc4 {[%clk 0:13:58]} Bxc4 {[%clk 0:15:10]} 15. Rfe1
{[%clk 0:12:29]} O-O {[%clk 0:15:11]} 16. Bh6 {[%clk 0:11:52]} Rab8
{[%clk 0:14:14]} 17. Bxg7 {[%clk 0:11:45]} Kxg7 {[%clk 0:14:15]} 18. Ng3
{[%clk 0:11:22]} Rxb1 {[%clk 0:13:15]} 19. Rxb1 {[%clk 0:11:24]} Rd8
{[%clk 0:13:17]} 20. Qe3 {[%clk 0:09:51]} Qd6 {[%clk 0:12:51]} 21. Rd1
{[%clk 0:09:41]} Qe6 {[%clk 0:12:11]} 22. Qxe6 {[%clk 0:07:22]} Bxe6
{[%clk 0:12:13]} 23. Nge4 {[%clk 0:07:16]} Nxe4 {[%clk 0:11:37]} 24. fxe4
{[%clk 0:07:11]} Rb8 {[%clk 0:11:30]} 25. d5 {[%clk 0:06:27]} cxd5
{[%clk 0:11:31]} 26. Nxd5 {[%clk 0:06:26]} Rb2 {[%clk 0:11:26]} 27. c3
{[%clk 0:05:51]} Rxa2 {[%clk 0:11:26]} 28. Nxe7 {[%clk 0:05:53]} a5 29. Nd5
{[%clk 0:05:11]} a4 {[%clk 0:11:19]} 30. Rd4 a3 {[%clk 0:11:14]} 31. Ra4
{[%clk 0:05:12]} Ra1+ {[%clk 0:11:08]} 32. Kf2 {[%clk 0:05:14]} f5
{[%clk 0:08:32]} 33. Ra7+ {[%clk 0:04:34]} Kh6 {[%clk 0:08:32]} 34. Nf4
{[%clk 0:03:33]} Bc4 {[%clk 0:08:23]} 35. e5 {[%clk 0:02:44]} a2 {[%clk 0:08:05]}
36. e6 {[%clk 0:02:43]} Rf1+ {[%clk 0:08:06]} 37. Kg3 {[%clk 0:02:18]} a1=Q
{[%clk 0:08:07]} 38. Rxa1 {[%clk 0:02:01]} Rxa1 {[%clk 0:08:08]} 39. e7
{[%clk 0:02:03]} Re1 {[%clk 0:08:08]} 0-1